000 00497nam a2200193Ia 4500
005 20230727134650.0
008 131103s9999 xx 000 0 und d
040 _aLoreto College
041 _aEnglish
082 _a920
_bPER
100 _aPercy,Douglas C.
245 _aWhen the Bamboo Sings
_cDouglas C.Percy
260 _aWestchester
_bGood News Publishers
_c1960
300 _a63 p.
440 _aA One Evening condensed book
650 _aBiography
850 _aLCLIB
942 _cBK
999 _c13994
_d64473